[Event "Konnerud CC-ch"]
[Site "Konnerud"]
[Date "2019.03.20"]
[Round "7"]
[White "Minde, Thomas"]
[Black "Auke, Morthen"]
[Result "1-0"]
[WhiteElo "1511"]
[BlackElo "1270"]
[PlyCount "53"]
[EventDate "2019.01.16"]
[EventType "swiss"]
[EventRounds "9"]
[EventCountry "NOR"]
[SourceTitle "EXT 2024"]
[Source "ChessBase"]
[SourceDate "2023.10.10"]
[SourceVersion "1"]
[SourceVersionDate "2023.10.10"]
[SourceQuality "1"]

1. b3 Nf6 2. g3 g6 3. Bb2 Bg7 4. d4 d5 5. Bg2 0-0 6. Nf3 Nbd7 7. 0-0 Re8 8. Nbd2 Ng4 9. e4 c6 10. h3 Nh6 11. e5 Kh8 12. Ng5 Rf8 13. Qe2 Nb6 14. a4 a5 15. Rad1 Bd7 16. Ba3 Nc8 17. f4 Nf5 18. Qd3 h6 19. Nxf7+ Rxf7 20. g4 Nh4 21. Rde1 e6 22. Nf3 Nxg2 23. Kxg2 Kh7 24. g5 hxg5 25. Nxg5+ Kg8 26. Qxg6 Ne7 27. Qxf7+ 1-0

[Event "Konnerud CC-ch"]
[Site "Konnerud"]
[Date "2018.02.07"]
[Round "4"]
[White "Rorvik, Jon Fredrik"]
[Black "Minde, Thomas"]
[Result "1-0"]
[WhiteElo "2171"]
[BlackElo "1483"]
[PlyCount "39"]
[EventDate "2018.01.10"]
[EventType "swiss"]
[EventRounds "9"]
[EventCountry "NOR"]
[SourceTitle "EXT 2024"]
[Source "ChessBase"]
[SourceDate "2023.10.10"]
[SourceVersion "1"]
[SourceVersionDate "2023.10.10"]
[SourceQuality "1"]

1. c4 e6 2. g3 d5 3. Bg2 Nf6 4. Nf3 Bc5 5. 0-0 0-0 6. d4 Be7 7. Nc3 c5 8. cxd5 Nxd5 9. e4 cxd4 10. Nxd5 exd5 11. exd5 Qxd5 12. Nxd4 Qc4 13. Be3 Rd8 14. b3 Qa6 15. Qc2 Bf6 16. Rad1 Bg4 17. Rd2 Nd7 18. Qe4 Bxd4 19. Bxd4 Qa5 20. Qxg4 1-0

[Event "Konnerud CC-ch"]
[Site "Konnerud"]
[Date "2018.01.31"]
[Round "3"]
[White "Minde, Thomas"]
[Black "Nilsen, Helmer"]
[Result "1-0"]
[WhiteElo "1483"]
[BlackElo "1464"]
[PlyCount "107"]
[EventDate "2018.01.10"]
[EventType "swiss"]
[EventRounds "9"]
[EventCountry "NOR"]
[SourceTitle "EXT 2024"]
[Source "ChessBase"]
[SourceDate "2023.10.10"]
[SourceVersion "1"]
[SourceVersionDate "2023.10.10"]
[SourceQuality "1"]

1. Nf3 d5 2. d4 e6 3. g3 b6 4. Bg2 h6 5. 0-0 Nd7 6. Bf4 Bd6 7. Qd2 Ngf6 8. c4 Ne4 9. Qe3 Bb7 10. Bxd6 cxd6 11. cxd5 Bxd5 12. Nc3 Nxc3 13. Qxc3 0-0 14. Rfc1 Rc8 15. Qa3 Rxc1+ 16. Rxc1 Qb8 17. Nd2 Bxg2 18. Kxg2 d5 19. Qe7 Rc8 20. Rxc8+ Qxc8 21. Nf3 a5 22. e3 Nf6 23. Ne5 Ne4 24. Qxf7+ Kh7 25. Qg6+ Kg8 26. Ng4 Kh8 27. Ne5 Kg8 28. a3 a4 29. Ng4 Kh8 30. Qf7 Ng5 31. Qa7 b5 32. Qb6 Qc4 33. Ne5 Qe2 34. Ng6+ Kg8 35. Qd8+ Kh7 36. Nf8+ Kg8 37. Nxe6+ Kh7 38. Nf8+ Kg8 39. Ne6+ Kf7 40. Nxg5+ hxg5 41. Qxd5+ Kg6 42. Qc6+ Kh7 43. d5 Qxb2 44. d6 Qxa3 45. Qxb5 Qb3 46. Qf5+ Kh6 47. d7 Qb7+ 48. Kg1 Qb8 49. Qe6+ g6 50. Qe8 Qb1+ 51. Kg2 Qb7+ 52. Kh3 g4+ 53. Kh4 Qd5 54. Qh8# 1-0

[Event "Konnerud CC-ch"]
[Site "Konnerud"]
[Date "2018.01.17"]
[Round "2"]
[White "Aure, Anders Nilsson"]
[Black "Minde, Thomas"]
[Result "1/2-1/2"]
[WhiteElo "1758"]
[BlackElo "1483"]
[PlyCount "84"]
[EventDate "2018.01.10"]
[EventType "swiss"]
[EventRounds "9"]
[EventCountry "NOR"]
[SourceTitle "EXT 2024"]
[Source "ChessBase"]
[SourceDate "2023.10.10"]
[SourceVersion "1"]
[SourceVersionDate "2023.10.10"]
[SourceQuality "1"]

1. c4 e6 2. Nc3 d5 3. d4 Nf6 4. cxd5 exd5 5. Bg5 Nbd7 6. e3 Be7 7. Bd3 h6 8. Bh4 0-0 9. Nf3 c6 10. 0-0 Re8 11. Qc2 Nf8 12. Rab1 Ng6 13. Bg3 Nf8 14. b4 a6 15. a4 Bd6 16. b5 Bxg3 17. hxg3 axb5 18. axb5 Ne6 19. bxc6 bxc6 20. Ne2 Ba6 21. Rfc1 Bxd3 22. Qxd3 Qc7 23. Nf4 Ra5 24. Qc3 Nxf4 25. gxf4 c5 26. dxc5 Ne4 27. Qd4 Rxc5 28. Rxc5 Qxc5 29. Qxc5 Nxc5 30. Rb5 Rc8 31. Nd4 g6 32. f5 Kg7 33. fxg6 fxg6 34. Rb6 Kf7 35. Rd6 Ne4 36. Rxd5 Rc1+ 37. Kh2 Nxf2 38. Kg3 Ne4+ 39. Kf4 Nf6 40. Ra5 Rf1+ 41. Ke5 Ng4+ 42. Ke4 Nf6+ 1/2-1/2

[Event "Konnerud Autumn"]
[Site "Konnerud"]
[Date "2017.09.13"]
[Round "2"]
[White "Minde, Thomas"]
[Black "Taksrud, Vidar"]
[Result "0-1"]
[WhiteElo "1530"]
[BlackElo "1983"]
[PlyCount "44"]
[EventDate "2017.09.20"]
[EventType "swiss"]
[EventRounds "9"]
[EventCountry "NOR"]
[SourceTitle "EXT 2024"]
[Source "ChessBase"]
[SourceDate "2023.10.10"]
[SourceVersion "1"]
[SourceVersionDate "2023.10.10"]
[SourceQuality "1"]

1. c4 e5 2. g3 Nf6 3. Bg2 d5 4. cxd5 Nxd5 5. Nc3 Be6 6. e3 Nc6 7. Nge2 Be7 8. 0-0 0-0 9. d4 exd4 10. Nxd4 Nxd4 11. Qxd4 Bf6 12. Qc5 b6 13. Qc6 Nxc3 14. bxc3 Qd3 15. Ba3 Rfd8 16. Be4 Qa6 17. Bb2 Rac8 18. Rfd1 Qe2 19. Rxd8+ Rxd8 20. Ba3 Bd7 21. Qxc7 Bh3 22. Bg2 Rd1+ 0-1

[Event "Konnerud CC-ch"]
[Site "Konnerud"]
[Date "2017.03.29"]
[Round "7"]
[White "Jahnsen, Bjorn"]
[Black "Minde, Thomas"]
[Result "0-1"]
[WhiteElo "1521"]
[BlackElo "1246"]
[PlyCount "66"]
[EventDate "2017.01.11"]
[EventType "swiss"]
[EventRounds "9"]
[EventCountry "NOR"]
[SourceTitle "EXT 2024"]
[Source "ChessBase"]
[SourceDate "2023.10.10"]
[SourceVersion "1"]
[SourceVersionDate "2023.10.10"]
[SourceQuality "1"]

1. d4 Nf6 2. Nf3 e6 3. g3 c5 4. c3 d5 5. Bg2 Nc6 6. 0-0 Qb6 7. e3 Be7 8. a3 cxd4 9. cxd4 0-0 10. Nbd2 Qa5 11. Nb3 Qb6 12. Nbd2 h6 13. b4 a5 14. bxa5 Rxa5 15. Qb3 Qxb3 16. Nxb3 Ra7 17. Bb2 Bd7 18. Rfc1 Rfa8 19. Nc5 Be8 20. Nd2 b6 21. Ncb3 Bxa3 22. Bxa3 Rxa3 23. Rab1 R3a7 24. e4 Na5 25. Nxa5 bxa5 26. exd5 Nxd5 27. Rc5 Rd8 28. Rbb5 Bxb5 29. Rxb5 a4 30. Rb1 Rc8 31. Ra1 a3 32. Be4 Nc3 33. Rc1 Ne2+ 0-1